LEADER 01160cam0 22002893 450 001 E600200018098 005 20231102091520.0 010 $a8814124183 100 $a20060509d2006 |||||ita|0103 ba 101 $aita 102 $aIT 200 1 $aCompravendita di appartamenti uffici e negozi$e134 problemi con risposte, consigli e e formule per acquistare o vendere un immobile al prezzo giusto e senza avventure$fFrancesco Tamborrino 205 $a5. ed. aggiornata e redatta da Marina Tamborrino 210 $aMilano$cGiuffrè$d2006 215 $a132 p.$d24 cm 225 2 $aCosa & Come$hSez$hCasa e Territorio 410 1$1001LAEC00022188$12001 $a*Cosa & Come. Sez. Casa e Territorio 700 1$aTamborrino$b, Francesco$3AF00009200$4070$09567 801 0$aIT$bUNISOB$c20231102$gRICA 850 $aUNISOB 852 $aUNISOB$j340|Coll|12|C$m129932 912 $aE600200018098 940 $aM 102 Monografia moderna SBN 941 $aM 957 $a340|Coll|12|C$b000006$gSi$d129932$racquisto$1catenacci$2UNISOB$3UNISOB$420060509095856.0$520231102091214.0$6Alfano 996 $aCompravendita di appartamenti uffici e negozi$9636815 997 $aUNISOB LEADER 01263nam0 22002771i 450 001 UON00215155 005 20231205103350.828 100 $a20030730d1957 |0itac50 ba 101 $acat 102 $aES 105 $a|||| 1|||| 200 1 $aCercapou$fFrancesc Eiximenis$ga cura de G.E. Sansone$g[revisat per Ramón Aramon] 210 $aBarcelona$cBarcino$d1957-1958. 2 v. ; 18 cm N. inv.: MR 55301; 59732; 410 1$1001UON00174090$12001 $a Els nostres classics. Col-lecció A$1210 $aBarcelona$cEditorial Barcino.$v83, 84 620 $aES$dBarcelona$3UONL003004 676 $a849.9$cLetteratura catalana$v21 700 1$aEIXIMENIS$bFrancesc$3UONV129932$0599635 702 1$aARAMON I SERRA$bR.$3UONV123795 702 1$aSansone$bG.E.$3UONV130065 712 $aEditorial Barcino$3UONV266760$4650 801 $aIT$bSOL$c20250613$gRICA 912 $aUON00215155 950 $aSIBA - SISTEMA BIBLIOTECARIO DI ATENEO$dSI SPA 11 E.N.C 0084 $eSI MR 59732 5 0084 950 $aSIBA - SISTEMA BIBLIOTECARIO DI ATENEO$dSI SPA 11 E.N.C 0083 $eSI MR 55301 5 0083 996 $aCercapou$91264175 997 $aUNIOR